| 000 | 01939nam a22002537a 4500 | ||
|---|---|---|---|
| 005 | 20251013143510.0 | ||
| 008 | 251013b |||||||| |||| 00| 0 eng d | ||
| 020 | _a9789390727353 | ||
| 040 | _cAL | ||
| 082 |
_a511 _bROSD |
||
| 100 |
_aKenneth H Rosen _9242122 |
||
| 245 | _aDiscrete mathematics and its applications Ed 8 | ||
| 250 | _a8 | ||
| 260 |
_aChennai _bMcGraw Hill Education (India) Private Ltd _c2025 |
||
| 300 |
_axxvi,1201p. _bPB _c24x18cm |
||
| 365 |
_2Computer Science and Engineering _aABDI/0818/25 _b855.00 _c₹ _d1140.00 _e25% _f03-10-2025 |
||
| 520 | _aDiscrete Mathematics And Its Applications (SIE) is a study of mathematical structures that are fundamentally discrete rather than continuous. Discrete objects can often be enumerated by integers, and more formally, deal with countable sets. This renowned, which has been used at over 600 institutions around the world, gives a focused introduction to the primary themes in a Discrete Mathematics course. It helps demonstrate the relevance and practicality of Discrete Mathematics to a wide variety of real-world applications. These application can be used in the fields of computer science, data networking, psychology, chemistry, engineering, linguistics, biology, business, and others. The 7th edition of Discrete Mathematics And Its Applications (SIE) was published by Tata McGraw-Hill Publishing Company in the year 2011. It is available in paperback. Key Features: It has a new chapter on algebraic structures in coding theory. There are added topics to this book such as validity problem and incompleteness theorem, exponential generating function, domain transformation, range transformation, platonic solid, cut set, and circle. | ||
| 650 |
_aLogic and Proofs _9242123 |
||
| 650 |
_aCryptography _9242124 |
||
| 650 |
_aBoolean Algebra _9242125 |
||
| 650 |
_aModeling Computation _9242126 |
||
| 700 |
_aKrithivasan, Kamala _9242127 |
||
| 942 |
_2ddc _cBK |
||
| 999 |
_c240536 _d240536 |
||